000 00267nam a2200109Ia 4500
005 20251222114416.0
008 251222s1900||||xx |||||||||||||| ||spa||
082 _aDVD0070 H79/2001/E.j2
245 0 _aUna mente brillante
264 _bImagine Entertainment
942 _cDVD
999 _c2218
_d2218